000 00273nam a22000977a 4500
999 _c4664
_d4664
008 161207b xxu||||| |||| 00| 0 eng d
020 _a9788175690875
100 _91899
_aSoni. A
245 _aThe brain game : Learning computer -8
260 _aNew delhi
_bNavdeep publication
_c2004